| 000 | 00786cab a2200181 4500 | ||
|---|---|---|---|
| 001 | ABS35494 | ||
| 008 | 090401t1985 xxu||||| |||| 00| 0 eng d | ||
| 035 | _a(Sirsi) u31863 | ||
| 041 | _aeng | ||
| 245 | _aOut-of-town retailing | ||
| 260 | _c1985 | ||
| 350 | _a0 | ||
| 490 |
_aChartered Surveyor Weekly _vSupplement 3 October 1985, 1-44(15) |
||
| 520 | _aA special supplement on out-of-town retailing, which includes information on the development of retail warehousing, market activity, planning conflicts in development, the financial investment prospects in the market, and a pictorial review of present developments. Also includes a directory of 40 out-of-town retailers. (loan) | ||
| 690 | _aPROPERTY-COMMERCIAL PROPERTY-RETAIL PROPERTY | ||
| 942 | _n0 | ||
| 948 | _c04/03/1997 | ||
| 999 |
_c21384 _d21384 |
||